书目信息 |
| 题名: |
毛泽东思想、邓小平理论和“三个代表”重要思想通论
|
|
| 作者: | 许门友 主编 | |
| 分册: | ||
| 出版信息: | 北京 北京航空航天大学出版社 2007.09 |
|
| 页数: | 256页 | |
| 开本: | 23cm | |
| 丛书名: | ||
| 单 册: | ||
| 中图分类: | A84 | |
| 科图分类: | ||
| 主题词: | 毛泽东思想--mao ze dong si xiang--高等学校--研究 , 邓小平理论--deng xiao ping li lun--高等学校--研究 , “三个代表”思想--“san ge dai biao”si xiang--高等学校--研究 | |
| 电子资源: | ||
| ISBN: | 978-7-81124-064-1 | |
| 000 | 01123nam0 2200265 450 | |
| 001 | 012008239526 | |
| 005 | 20080428161216.65 | |
| 010 | @a978-7-81124-064-1@dCNY26.00 | |
| 100 | @a20080428d2007 em y0chiy0120 ea | |
| 101 | 0 | @achi |
| 102 | @aCN@b110000 | |
| 105 | @ay a 000yy | |
| 106 | @ar | |
| 200 | 1 | @a毛泽东思想、邓小平理论和“三个代表”重要思想通论@Amao ze dong si xiang、deng xiao ping li lun he“san ge dai biao”zhong yao si xiang tong lun@f许门友主编@Fxu men you zhu bian |
| 210 | @a北京@c北京航空航天大学出版社@d2007.09 | |
| 215 | @a256页@d23cm | |
| 320 | @a有书目 | |
| 330 | @a本书比较全面、系统、准确地论述了马克思主义中国化三大理论成果的历史背景、形成过程及其主要内容。特别是对建设中国特色社会主义的基本理论、总体布局、外部环境、领导核心和依靠力量进行了重点论述。 | |
| 606 | 0 | @a毛泽东思想@Amao ze dong si xiang@x高等学校@x研究 |
| 606 | 0 | @a邓小平理论@Adeng xiao ping li lun@x高等学校@x研究 |
| 606 | 0 | @a“三个代表”思想@A“san ge dai biao”si xiang@x高等学校@x研究 |
| 690 | @aA84@v4 | |
| 701 | 0 | @a许门友@Axu men you@4主编 |
| 801 | 0 | @aCN@bQSSK@c20080428 |
| 905 | @b297971-73@dA84@eX888@f3 | |
| 毛泽东思想、邓小平理论和“三个代表”重要思想通论/许门友主编.-北京:北京航空航天大学出版社,2007.09 |
| 256页;23cm |
| ISBN 978-7-81124-064-1:CNY26.00 |
| 本书比较全面、系统、准确地论述了马克思主义中国化三大理论成果的历史背景、形成过程及其主要内容。特别是对建设中国特色社会主义的基本理论、总体布局、外部环境、领导核心和依靠力量进行了重点论述。 |
| ● |
| 相关链接 |
|
|
|
正题名:毛泽东思想、邓小平理论和"三个代表"重要思
索取号:A84/X888
 
预约/预借
| 序号 | 登录号 | 条形码 | 馆藏地/架位号 | 状态 | 备注 |
| 1 | 297971 | 202979713 | 社科库509/509社科库 4排4列1层/ [索取号:A84/X888] | 在馆 | |
| 2 | 297972 | 202979722 | 社科库509/509社科库 4排4列1层/ [索取号:A84/X888] | 在馆 | |
| 3 | 297973 | 202979731 | 社科库509/509社科库 4排4列1层/ [索取号:A84/X888] | 在馆 |